| 000 | 01498cam a22004334i 4500 | ||
|---|---|---|---|
| 003 | PE-LiUPU | ||
| 005 | 20250731173204.0 | ||
| 008 | 150625s r 000 0 d | ||
| 035 | _a(Sirsi) a30576 | ||
| 040 |
_aPE-LiUPU _bspa _cPE-LiUPU _erda |
||
| 082 | 0 | 4 |
_a220.008 _bBV _221 |
| 100 | 1 |
_aSalas, Antonio, _eautor. |
|
| 245 | 1 | 3 |
_aEl Evangelio de Juan / _cAntonio Salas. |
| 264 | 1 |
_aMadrid : _bSan Pablo, _c1993. |
|
| 300 |
_a168 páginas ; _c21 cm. |
||
| 336 |
_atext _2rdacontent |
||
| 337 |
_aunmediated _2rdamedia |
||
| 338 |
_avolume _2rdacarrier |
||
| 490 | 0 |
_aBiblia y Vida ; _v7 |
|
| 505 | 0 | _aEl cuarto evangelio. -Jesus, Quien es. -Jesus Oferta de fe. -Jesus oferta de vida. -Jesus oferta de plenitud. -Jesus legado espiritual. -El baldon de la cruz. -. -El blason de la luz. | |
| 526 | _aSEG42 | ||
| 526 | _aSEG41 | ||
| 526 | _aSEG40 | ||
| 526 | _aSEG39 | ||
| 526 | _aP94 | ||
| 526 | _aP87 | ||
| 526 | _aP86 | ||
| 526 | _aP85 | ||
| 526 | _aP77 | ||
| 526 | _aP76 | ||
| 526 | _aP35 | ||
| 630 |
_aBiblia. _pN.T. _pJuan _xComentarios. |
||
| 910 | _a | ||
| 942 |
_2ddc _cBOOK |
||
| 949 |
_a220.008 BV 7 _wDEWEY _c1 _i37169 _lCCODEBUL1 _mBUL _p00.00 _r0 _sY _tBOOK _u2015-06-25 _xBIBLIOTECA _zUNKNOWN _0COMPRA _o.STAFF. Colección General |
||
| 596 | _a1 | ||
| 999 |
_a220.008 BV 7 _wDEWEY _c38035 _i37169 _f2021-11-9 _g5 _lCCODEBUL1 _mBUL _r0 _sY _tBOOK _u2015-6-25 _xTEOLOGIA _zUNKNOWN _0COMPRA _o.STAFF. Colección General _d38035 |
||
| 980 |
_81 _gALBERTO SANCHEZ Responsable de Automatización |
||